000 00788nam a22002537a 4500
001 BR8703263
003 BR-BrBNA
005 20230928092602.0
007 ta
008 230509b bl.||||| |||| 00| 0 por d
040 _aBR-BrBNA
_bpor
_cBiblioteca Nacional de Agricultura
041 _a(Por)
072 _aE13
_b/G514
090 _ E13 BR8703263
110 1 _aMinisterio da Agricultura, Brasilia, DF (Brasil). Secretaria de Programacao Orcamentaria e Financeira
_96831
245 1 _aDemonstrativo dos convenios/ajustes do Ministerio da Agricultura. Exercicio de 1982
260 3 _aBrasilia, DF (Brasil):
_c1982.
300 _a110 p.
500 _aNumerical data
650 _aRECURSO ECONOMICO
650 _aAGRICULTURA
909 _a202309
_bLucia
_c55
_dLucia Elande
942 _cBK
999 _c39975
_d39975